| 000 | 00511nam a2200169Ia 4500 | ||
|---|---|---|---|
| 999 |
_c12186 _d12186 |
||
| 003 | OSt | ||
| 005 | 20201022125958.0 | ||
| 008 | 190216s9999||||xx |||||||||||||| ||und|| | ||
| 040 | _coclc | ||
| 082 |
_a947.0841092 _bMAY/V |
||
| 100 |
_aMayakovsky, Vladimir _96069 |
||
| 245 | 0 |
_aVladimir Ilyich Lenin / _cVladimir Mayakovsky |
|
| 260 |
_bProgress Publishers, _c1978. _aMoscow: |
||
| 300 | _a213p | ||
| 650 | _aEnglish Stories | ||
| 942 |
_cBK _2ddc _h947.0841092 _iMAY/V _k947.0841092 _mMAY/V |
||